Lengyel Zoltáné a Faludy-díj
Elmentve itt :
| Dokumentumtípus: | Cikk |
|---|---|
| Megjelent: |
2010-10-13
|
| Sorozat: | Délmagyarország
100 No. 239 |
| Kulcsszavak: | Faludy-díj, Lengyel Zoltán |
| Online Access: | http://dmarchiv.bibl.u-szeged.hu/129174 |
| LEADER | 00417nab a2200145 i 4500 | ||
|---|---|---|---|
| 001 | delm129174 | ||
| 005 | 20200204140439.0 | ||
| 008 | 200204s2010 hu o 0|| hun d | ||
| 040 | |a SZTE Délmagyarország Archívum |b hun | ||
| 041 | |a hun | ||
| 245 | 0 | 0 | |a Lengyel Zoltáné a Faludy-díj |h [elektronikus dokumentum] |
| 260 | |c 2010-10-13 | ||
| 300 | |a 4 | ||
| 490 | 0 | |a Délmagyarország |v 100 No. 239 | |
| 695 | |a Faludy-díj, Lengyel Zoltán | ||